00874nam a22002657a 45000010005000000030006000050050017000110080041000280200015000690400029000840500016001131000025001292450092001542600051002463000049002974900025003465050008003715200068003795210029004475210020004766500019004966500035005156500023005507000035005737693FISKH20250731112547.0250731b cb ||||| |||| 00| 0 eng d a0060258136 aFISKHbengcFISKHdFISKH aPZ7.S6215 B aSiracusa, Catherine  aBingo, the best dog in the world / cby Catherine Siracusa : Pictures by Sidney Levitt  aNew York : bHarper Collins Publishers,c1991. a64 pages : bcolor illustrations ;c22 cm .  aAnd I Can Read Book  aF  aSam and her brother Stuart take Bootsie to the school dog show.8 a300 bLexile estimate 8 aF bRaz-Plus  aDogs vFiction aBrothers and sisters vFiction aDog showsvFiction aLevitts , SidneyeIllustrator